| 000 | 00613nam a2200145Ia 4500 | ||
|---|---|---|---|
| 008 | 250506s9999 xx 000 0 und d | ||
| 024 | _a17B-006-PE, 17B-009-PE & 17B-038-PE | ||
| 082 | _a621.319072 ASH | ||
| 100 | _aMuhammad Daniyal Ashraf, Syed Muhammad Hasan Iqbal & Talha Shabbir | ||
| 245 | 0 | _aImprovement in Power System Protection with Scada Verification (with CD) | |
| 260 |
_aKarachi: _bUIT, _c2017 |
||
| 600 | _aPower Engineering | ||
| 650 | _aBachelor of Engineering (BE) | ||
| 856 |
_uhttps://drive.google.com/file/d/1mk_-HMUd0itXhMdwbxmwWot1HCKx93tM/view?usp=sharing _yClick here for Online Reading |
||
| 999 |
_c28997 _d28997 |
||